Les pays contenant entre 60 % et 70 % de chrétiens - Statistiques

Statistiques générales
  • Ce quiz a été pris 59 fois
  • Le résultat moyen est 3 sur 14
Statistiques - réponses
Hint Réponse % Correct
69,1 % France
93%
64,1 % Belgique
59%
67,3 % Canada
52%
61,1 % Australie
43%
68,8 % Ghana
17%
65,3 % Jamaïque
15%
62,8 % Éthiopie
13%
68,0 % Uruguay
13%
65,1 % Macédoine
11%
64,4 % Fidji
9%
62,9 % Érythrée
7%
60,5 % Soudan du Sud
6%
67,0 % Bermudes
4%
66,0 % Papouasie-Nouvelle-Guinée
4%
Aucun quiz correspondant
Distribution des résultats
% des personnes avec chaque résultat
Percentile par nombre de réponses
Votre historique - résultats
Vous n’avez pas pris ce quiz